Millennium Development Goals (Record no. 496)
[ view plain ]
| 000 -LEADER | |
|---|---|
| fixed length control field | 00428nam a22001097a 4500 |
| 008 - FIXED-LENGTH DATA ELEMENTS--GENERAL INFORMATION | |
| fixed length control field | 230606b xxu||||| |||| 00| 0 eng d |
| 082 ## - DEWEY DECIMAL CLASSIFICATION NUMBER | |
| Classification number | 338.9672 |
| Item number | KEN |
| 245 ## - TITLE STATEMENT | |
| Title | Millennium Development Goals |
| Remainder of title | Status Report for Kenya 2011 |
| Statement of responsibility, etc. | Ministry of State for Planning and National Development and Vision 2030 |
| 260 ## - PUBLICATION, DISTRIBUTION, ETC. (IMPRINT) | |
| Place of publication, distribution, etc. | Kenya |
| Name of publisher, distributor, etc. | Ministry of State for Planning and National Development and Vision 2030 |
| Date of publication, distribution, etc. | 2011 |
| 300 ## - PHYSICAL DESCRIPTION | |
| Extent | 65 p |
| 942 ## - ADDED ENTRY ELEMENTS (KOHA) | |
| Source of classification or shelving scheme | Dewey Decimal Classification |
| Koha item type | Books |
| Withdrawn status | Lost status | Source of classification or shelving scheme | Damaged status | Not for loan | Home library | Current library | Date acquired | Total Checkouts | Full call number | Barcode | Checked out | Date last seen | Price effective from | Koha item type |
|---|---|---|---|---|---|---|---|---|---|---|---|---|---|---|
| Dewey Decimal Classification | Bunge Tower Library | Bunge Tower Library | 06/06/2023 | 338.9672 KEN | 1000226 | 06/12/2017 | 06/06/2023 | 06/06/2023 | Books |
